| Tag |
First Indicator |
Second Indicator |
Subfields |
| LEADER |
00000cam a2200000 a 4500 |
| 001 |
in00005749941 |
| 005 |
20260326192321.7 |
| 006 |
m o d |
| 007 |
cr cnu---unuuu |
| 008 |
120618s1986 ne a ob 101 0 eng d |
| 010 |
|
|
|z 86002160
|
| 040 |
|
|
|a OPELS
|b eng
|e pn
|c OPELS
|d OCLCQ
|d CUS
|d OCLCF
|d OCLCQ
|d OCLCO
|d OCL
|d OCLCO
|d OCLCQ
|d YDXCP
|d OCLCQ
|d AU@
|d INARC
|d OCLCA
|d LEAUB
|d OCLCQ
|d UK7LJ
|d VLY
|d LUN
|d OCLCQ
|d OCLCO
|d OCL
|d OCLCQ
|d COA
|d OCLCO
|d OCLCL
|d OCLCQ
|d OCLCL
|d OCLCA
|d SMC
|d OCLCQ
|d OCLCL
|d OCLCO
|
| 016 |
7 |
|
|a 000004395084
|2 AU
|
| 016 |
7 |
|
|a 8602133
|2 DNLM
|
| 016 |
7 |
|
|a 009738338
|2 Uk
|
| 016 |
7 |
|
|a B8635238
|2 bccb
|
| 019 |
|
|
|a 1058469475
|a 1081007370
|a 1162099942
|a 1340063685
|a 1397508432
|a 1515763853
|
| 020 |
|
|
|a 0444807578
|q (electronic bk.)
|
| 020 |
|
|
|a 9780444807571
|q (electronic bk.)
|
| 020 |
|
|
|z 0444801049
|q (series)
|
| 020 |
|
|
|z 9780444801043
|q (series)
|
| 024 |
8 |
|
|a (WaSeSS)ssj0000520298
|
| 035 |
|
|
|a (OCoLC)795705068
|z (OCoLC)1058469475
|z (OCoLC)1081007370
|z (OCoLC)1162099942
|z (OCoLC)1340063685
|z (OCoLC)1397508432
|z (OCoLC)1515763853
|
| 050 |
|
4 |
|a QP145
|b .V57 1986
|
| 060 |
|
4 |
|a W1
|b PR667J v.67 1986
|
| 060 |
|
4 |
|a WL 702
|b V822 1985
|
| 082 |
0 |
4 |
|a 612.8
|2 23
|
| 084 |
|
|
|a FH 01
|2 blsrissc
|
| 084 |
|
|
|a WW 2401
|2 rvk
|
| 084 |
|
|
|a BIO 782f
|2 stub
|
| 084 |
|
|
|a BIO 781f
|2 stub
|
| 049 |
|
|
|a TXAM
|
| 111 |
2 |
|
|a Visceral Sensation (Conference)
|d (1985 :
|c Bristol, England)
|
| 245 |
1 |
0 |
|a Visceral sensation /
|c F. Cervero and J.F.B. Morrison.
|
| 264 |
|
1 |
|a Amsterdam ;
|a New York :
|b Elsevier,
|c 1986.
|
| 300 |
|
|
|a 1 online resource (viii, pages) :
|b illustrations.
|
| 336 |
|
|
|a text
|b txt
|2 rdacontent
|
| 337 |
|
|
|a computer
|b c
|2 rdamedia
|
| 338 |
|
|
|a online resource
|b cr
|2 rdacarrier
|
| 347 |
|
|
|a text file
|2 rdaft
|0 http://rdaregistry.info/termList/fileType/1002.
|
| 490 |
1 |
|
|a Progress in brain research,
|x 0079-6123 ;
|v volume 67
|
| 504 |
|
|
|a Includes bibliographical references and index.
|
| 588 |
0 |
|
|a Online resource; title from publisher's Web site (ScienceDirect, viewed on June 18, 2012).
|
| 546 |
|
|
|a English.
|
| 650 |
|
0 |
|a Viscera
|x Innervation
|v Congresses.
|
| 650 |
|
0 |
|a Senses and sensation
|v Congresses.
|
| 650 |
|
0 |
|a Afferent pathways
|v Congresses.
|
| 650 |
|
0 |
|a Sensorimotor integration
|v Congresses.
|
| 650 |
|
0 |
|a Afferent pathways.
|
| 650 |
|
0 |
|a Central nervous system.
|
| 650 |
|
0 |
|a Viscera
|x Innervation
|x Congresses.
|
| 650 |
|
0 |
|a Senses and sensation
|x Congresses.
|
| 650 |
|
0 |
|a Afferent pathways
|x Congresses.
|
| 650 |
|
2 |
|a Afferent Pathways
|
| 650 |
|
2 |
|a Central Nervous System
|
| 650 |
|
2 |
|a Sensation
|x physiology
|
| 650 |
|
6 |
|a Viscères
|x Innervation
|x Congrès.
|
| 650 |
|
6 |
|a Sens et sensations
|x Congrès.
|
| 650 |
|
6 |
|a Intégration sensorimotrice
|v Congrès.
|
| 650 |
|
6 |
|a Voies afférentes
|x Congrès.
|
| 650 |
|
6 |
|a Sens et sensations
|v Congrès.
|
| 650 |
|
6 |
|a Voies afférentes
|v Congrès.
|
| 650 |
|
6 |
|a Voies afférentes.
|
| 650 |
|
6 |
|a Système nerveux central.
|
| 650 |
|
7 |
|a Central nervous system
|2 fast
|
| 650 |
|
7 |
|a Afferent pathways
|2 fast
|
| 650 |
|
7 |
|a Senses and sensation
|2 fast
|
| 650 |
|
7 |
|a Sensorimotor integration
|2 fast
|
| 650 |
|
7 |
|a Viscera
|x Innervation
|2 fast
|
| 650 |
|
7 |
|a Eingeweide
|2 gnd
|
| 650 |
|
7 |
|a Sensorik
|g Neurophysiologie
|2 gnd
|
| 650 |
|
7 |
|a Kongress
|2 gnd
|
| 650 |
1 |
7 |
|a Centraal zenuwstelsel.
|2 gtt
|
| 650 |
1 |
7 |
|a Afferente zenuwen.
|2 gtt
|
| 650 |
1 |
7 |
|a Ingewanden.
|2 gtt
|
| 650 |
|
7 |
|a Human Anatomy & Physiology.
|2 hilcc
|
| 650 |
|
7 |
|a Health & Biological Sciences.
|2 hilcc
|
| 650 |
|
7 |
|a Neuroscience.
|2 hilcc
|
| 653 |
|
|
|a Man
|a Viscera
|a Afferent nervous system
|a Physiology
|
| 655 |
|
7 |
|a Electronic books.
|2 local
|
| 655 |
|
2 |
|a Congress
|
| 655 |
|
7 |
|a proceedings (reports)
|2 aat
|
| 655 |
|
7 |
|a Conference papers and proceedings
|2 fast
|
| 655 |
|
7 |
|a Conference papers and proceedings.
|2 lcgft
|
| 655 |
|
7 |
|a Actes de congrès.
|2 rvmgf
|
| 700 |
1 |
|
|a Cervero, Fernando,
|e editor.
|
| 700 |
1 |
|
|a Morrison, J. F. B.
|q (John Finlay Benzie),
|e editor.
|1 https://id.oclc.org/worldcat/entity/E39PCjvDvKkdmqy4rMhpJM3rmb
|
| 710 |
2 |
|
|a ScienceDirect (Online service)
|
| 710 |
2 |
|
|a Physiological Society (Great Britain),
|e organizer of meeting.
|1 https://id.oclc.org/worldcat/entity/E39QH7JmpXcjT4tTtkY6PCDbM6
|
| 758 |
|
|
|i has work:
|a Visceral sensation (Text)
|1 https://id.oclc.org/worldcat/entity/E39PCFTFmpbQV3tgDMKd6hJB6C
|4 https://id.oclc.org/worldcat/ontology/hasWork
|
| 773 |
0 |
|
|t Progress in brain research
|g no:67
|x 0079-6123
|
| 776 |
0 |
8 |
|i Print version:
|a Visceral Sensation (Conference) (1985 : Bristol, England).
|t Visceral sensation.
|d Amsterdam ; New York : Elsevier, 1986
|w (DLC) 86002160
|
| 776 |
1 |
|
|z 0444807578
|
| 830 |
|
0 |
|a Progress in brain research ;
|v v. 67.
|
| 856 |
4 |
0 |
|u http://proxy.library.tamu.edu/login?url=https://www.sciencedirect.com/science/bookseries/00796123/67
|z Connect to the full text of this electronic book
|t 0
|
| 955 |
|
|
|a Elsevier ScienceDirect 2026-2027
|
| 994 |
|
|
|a 92
|b TXA
|
| 999 |
f |
f |
|i 840fc7b2-348b-43df-bd80-516c370297e6
|s 32c8864e-c676-4759-938d-d097c34652e6
|t 0
|
| 952 |
f |
f |
|a Texas A&M University
|b College Station
|c Electronic Resources
|s www_evans
|d Available Online
|t 0
|e QP145 .V57 1986
|h Library of Congress classification
|
| 998 |
f |
f |
|a QP145 .V57 1986
|t 0
|l Available Online
|